000 00509nam a2200193Ia 4500
005 20250326125817.0
008 250326s9999 xx 000 0 und d
037 _aTextbook
040 _aFMSL
_beng
_cFMSL
041 _aeng
_2eng
084 _aX65 N7
_qFMSL
100 _aWelsch G A
245 0 _aBudgeting profit planning & control
_cWelsch G A
250 _a2
260 _aNew Jersey
_bNew Jersey, P H India
_c1967
300 _a600p
942 _cTB
_hX65 N7
999 _c1279684
_d1279684